Spracovanie volumetrických dát mozgu s využitím hlbokého učenia

Enregistré dans:
Détails bibliographiques
Auteur principal: Olejník, Jozef (Auteur)
Autres auteurs: Ťapák, Peter (Directeur de thèse)
Format: Manuscrit Livre
Langue:slovaque
Publié: 2025
Sujets:
Accès en ligne:http://is.stuba.sk/zp/portal_zp.pl?podrobnosti=193062
Tags: Ajouter un tag
Pas de tags, Soyez le premier à ajouter un tag!

MARC

LEADER 00000ntm a22000003a 4500
001 stuzp104057
003 SK-STU
005 20250614212556.7
007 ta
008 150427s2015----xo-----f-mn---000-0-slo-d
040 |a STU  |b slo 
041 0 |a slo 
100 1 |a Olejník, Jozef  |u 030000  |k Z4  |4 aut  |T FEI Fakulta elektrotechniky a informatiky  |X 92108  |U E  |Y 30  |7 92108 
242 0 1 |a Processing of volumetric brain data using deep learning  |y eng 
245 1 0 |a Spracovanie volumetrických dát mozgu s využitím hlbokého učenia 
260 |c 2025 
650 4 |a deep learning  |2 eng 
650 4 |a MRI brain scans  |2 eng 
650 4 |a segmentation  |2 eng 
650 4 |a super-resolution  |2 eng 
650 4 |a MRI snímky mozgu  |2 slo 
650 4 |a hlboké učenie  |2 slo 
650 4 |a segmentácia  |2 slo 
650 4 |a super-rozlíšenie  |2 slo 
700 1 |a Ťapák, Peter  |u 030400  |k Z1  |4 ths  |U FEI Fakulta elektrotechniky a informatiky  |T FEI Ústav automobilovej mechatroniky  |X 3715  |U E400  |Y 642  |7 A000003715 
856 4 |u http://is.stuba.sk/zp/portal_zp.pl?podrobnosti=193062